Sports Quiz

Random Sports or Food Quiz

Sports Teams by Cake Quiz Stats

 Plays Quiz Updated Jul 3, 2017

Support Sporcle.
Go Orange.
Score 0/20 Timer 06:00
1 Play Today
% Correct
New York Yankees
96.9%
Golden State Warriors
94.5%
Green Bay Packers
94.4%
Chicago Bulls
94.1%
Dallas Cowboys
93.8%
Pittsburgh Penguins
93%
Minnesota Vikings
92.8%
Charlotte Hornets
92.3%
Baltimore Ravens
91.2%
Boston Celtics
91%
% Correct
Chicago Cubs
90.9%
Seattle Seahawks
90.8%
Detroit Red Wings
90.5%
Los Angeles Angels
88%
Anaheim Ducks
86.8%
Washington Nationals
81.6%
Colorado Rockies
80.7%
Portland Trail Blazers
77.7%
Ottawa Senators
64.8%
Nashville Predators
64%

You're not logged in!

Compare scores with friends on all Sporcle quizzes.
OR
Log In
Forgot?

From the Vault

Black Album Click

by BanjoZebra

If you invert your screen colors it becomes a white album click.
Remove Ads.
Support Sporcle.
Get the best of Sporcle when you Go Orange. This ad-free experience offers more features, more stats, and more fun while also helping to support Sporcle. Thank you for becoming a member.

Show Comments

Extras

Top Quizzes Today


Score Distribution

Your Account Isn't Verified!

In order to create a playlist on Sporcle, you need to verify the email address you used during registration. Go to your Sporcle Settings to finish the process.

Report this User

Report this user for behavior that violates our Community Guidelines.

Details: